000 00528nam a2200169 i 4500
001 82668
003 ES-MaACL
005 20231229063021.0
007 t|
008 041111s1963 sp ||||1| spa d
100 1 _aIniesta Coullaut-Valera, Enrique,
_d1930-2010
_965312
245 1 3 _aLa más alta aventura
_b: San José de Calasanz desde el siglo XX /
_cEnrique Iniesta.
260 _aSalamanca :
_bSígueme,
_c1963.
300 _a162 p. ;
_c19 cm.
852 _aES-MaACL
_jC-25100
_bR.53397
999 _c82668
_d82668